| 000 | 01670nam a22001937a 4500 | ||
|---|---|---|---|
| 999 |
_c64160 _d64160 |
||
| 003 | Ge_BSU | ||
| 005 | 20260423095827.0 | ||
| 008 | 260423s1968 ge ||||| |||| 00| 0 geo d | ||
| 041 | _ageo | ||
| 080 | _a323.332(479.22) : 338.45(479.22) : 327.323 ხ-81 | ||
| 100 |
_aხოშტარია, ედიშერ _927356 |
||
| 245 |
_aმრეწველობის განვითარება და მუშათა კლასის ჩამოყალიბება XIX საუკუნის საქართველოში. წ. 2, სამრეწველო პროლეტარიატის ფორმირება და მუშათა მოძრაობის პირველი ნაბიჯები / _c ედიშერ ხოშტარია; საქ. სსრ მეცნ. აკად., ივ. ჯავახიშვილის სახ. ისტორიის, არქეოლ. და ეთნოგრ. ინ-ტი. |
||
| 264 |
_aთბილისი : _bმეცნიერება, _c1968. |
||
| 300 |
_a202 გვ. ; _b22 სმ. |
||
| 653 | _aმუშათა კლასი საქართველოში | ||
| 653 | _aსაქართველოს მრეწველობის ისტორია | ||
| 710 |
_aსაქართველოს სსრ მეცნიერებათა აკადემია. _b ივ. ჯავახიშვილის სახ. ისტორიის, არქეოლოგიისა და ეთნოგრაფიის ინსტიტუტი. _918718 |
||
| 942 |
_2udc _cᲬᲘᲒᲜᲘ |
||